书目信息 |
| 题名: |
20世纪美国环保运动与环境政策研究
|
|
| 作者: | 徐再荣 著 | |
| 分册: | ||
| 出版信息: | 北京 中国社会科学出版社 2013.10 |
|
| 页数: | 393页 | |
| 开本: | 24cm | |
| 丛书名: | ||
| 单 册: | ||
| 中图分类: | X-171.2 | |
| 科图分类: | ||
| 主题词: | 环境科学 , 安全科学 , 劳动保护 | |
| 电子资源: | ||
| ISBN: | 7-5161-3040-0 | |
| 000 | 00686nam0 2200217 450 | |
| 001 | 1529578558 | |
| 005 | 20151221081428.56 | |
| 010 | @a7-5161-3040-0@dCNY68.00 | |
| 100 | @a20151221d2013 km y0chiy0120 ea | |
| 101 | 0 | @achi |
| 102 | @aCN@b110000 | |
| 200 | 1 | @a20世纪美国环保运动与环境政策研究@A20 shi ji mei guo huan bao yun dong yu huan jing zheng ce yan jiu@f徐再荣等著@Fxu zai rong deng zhu |
| 210 | @a北京@c中国社会科学出版社@d2013.10 | |
| 215 | @a393页@d24cm | |
| 606 | 0 | @a环境科学 |
| 606 | 0 | @a安全科学 |
| 606 | 0 | @a劳动保护 |
| 690 | @aX-171.2@v4 | |
| 701 | 0 | @a徐再荣@Axu zai rong@4著 |
| 801 | 0 | @aCN@b大连网信软件有限公司图书馆·11@c20151221 |
| 905 | @aZUCC@dX-171.2@eX845 | |
| 20世纪美国环保运动与环境政策研究/徐再荣等著.-北京:中国社会科学出版社,2013.10 |
| 393页;24cm |
| ISBN 7-5161-3040-0:CNY68.00 |
| ● |
| 相关链接 |
|
|
|
正题名:20世纪美国环保运动与环境政策研究
索取号:X-171.2/X845
 
预约/预借
| 序号 | 登录号 | 条形码 | 馆藏地/架位号 | 状态 | 备注 |
| 1 | 1235213 | 212352130 | 法学院资料室/ [索取号:X-171.2/X845] | 在馆 |